Engineering Physics. (Record no. 319251)
[ view plain ]
| 000 -LEADER | |
|---|---|
| fixed length control field | 00394nam a2200157Ia 4500 |
| 008 - FIXED-LENGTH DATA ELEMENTS--GENERAL INFORMATION | |
| fixed length control field | 230718s9999 xx 000 0 und d |
| 041 ## - LANGUAGE CODE | |
| Language code of text/sound track or separate title | eng |
| 082 ## - DEWEY DECIMAL CLASSIFICATION NUMBER | |
| Classification number | 530 |
| Item number | KAR |
| 100 ## - MAIN ENTRY--PERSONAL NAME | |
| Personal name | Kar R. K. |
| 9 (RLIN) | 141965 |
| 245 ## - TITLE STATEMENT | |
| Title | Engineering Physics. |
| 260 ## - PUBLICATION, DISTRIBUTION, ETC. (IMPRINT) | |
| Name of publisher, distributor, etc. | New Central Book Agency |
| 300 ## - PHYSICAL DESCRIPTION | |
| Extent | 600 |
| 365 ## - TRADE PRICE | |
| Currency code | Rs. |
| Price amount | 350.00 |
| 700 ## - ADDED ENTRY--PERSONAL NAME | |
| Personal name | Kar R. K. |
| 9 (RLIN) | 141965 |
| 906 ## - LOCAL DATA ELEMENT F, LDF (RLIN) | |
| d | B:540105-Aug-2008 |
| c | ALLEDS |
| b | 70 |
| Withdrawn status | Lost status | Damaged status | Not for loan | Home library | Current library | Date acquired | Vendor | Budget Code | Cost, normal purchase price | Bill number | Total Checkouts | Full call number | Barcode | Date last seen | Date last checked out | Discount | Cost, replacement price | Bill Date | Koha item type | Original Barcode |
|---|---|---|---|---|---|---|---|---|---|---|---|---|---|---|---|---|---|---|---|---|
| Cummins College of Engineering for Women Pune | Cummins College of Engineering for Women Pune | 03/10/2008 | Tbs | ALLEDS | 280.00 | 5401 | 3 | 530 | CCEP-BK-30458 | 27/11/2025 | 13/11/2025 | 70 | 350.00 | 05/08/2008 | Books | 030458 |